000 00263nam a2200133Ia 4500
100 _aHolman/ J.P
942 _cBK
654 _aHeat
245 _aHeat transfer
260 _bMc Graw Hill
_aNew York
_c1992
300 _a733
546 _aENGLISH
999 _c34736
_d34736